000 00565nam a2200193Ia 4500
003 IN-BaIIA
008 211028s9999 xx 000 0 eng d
040 _cIIA Library
080 _a535.338
_bCAN-1
100 _aCandler, A. C.
_91816
245 0 _aAtomic spectra and the vector model
_bvol. II, complex spectra
_cA. C. Candler
260 _aCambridge
_bCambridge University Press
_c1937
300 _a279p.
650 _aAtomic Spectra
_91533
650 _aAtomic Structure
_91534
650 _aComplex Spectra
_91817
650 _aSpectroscopy
_91535
942 _cBK
999 _c849
_d849